समय का संजाल / (Record no. 113251)

MARC details
000 -LEADER
fixed length control field 01040nam a22002657a 4500
005 - DATE AND TIME OF LATEST TRANSACTION
control field 20170124102950.0
010 ## - LIBRARY OF CONGRESS CONTROL NUMBER
LC control number B-050890
020 ## - INTERNATIONAL STANDARD BOOK NUMBER
Terms of availability 180.00
International Standard Book Number 8185045992
035 ## - SYSTEM CONTROL NUMBER
System control number B-050890
037 ## - SOURCE OF ACQUISITION
Source of stock number/acquisition Cen Lib/Ret
040 ## - CATALOGING SOURCE
Original cataloging agency DPL
Language of cataloging HN
082 ## - DEWEY DECIMAL CLASSIFICATION NUMBER
Classification number 821
Item number मिश्ररा
100 ## - MAIN ENTRY--PERSONAL NAME
Personal name मिश्र,राजेंद्र
9 (RLIN) 51326
245 ## - TITLE STATEMENT
Title समय का संजाल /
Statement of responsibility, etc राजेंद्र मिश्र
246 ## - VARYING FORM OF TITLE
Title proper/short title Samay ka sanjaal
Remainder of title by Rajendra Mishar
260 ## - PUBLICATION, DISTRIBUTION, ETC. (IMPRINT)
Place of publication, distribution, etc दिल्ली
Name of publisher, distributor, etc दिशा प्रकाशन
Date of publication, distribution, etc 2001
270 ## - ADDRESS
Address 138/16, त्रि नगर
City दिल्ली
Postal code 110035
300 ## - PHYSICAL DESCRIPTION
Extent 192पृष्ठ.
Dimensions 20सेमी (सजिल्द)
650 ## - SUBJECT ADDED ENTRY--TOPICAL TERM
Topical term or geographic name as entry element हिंदी साहित्य
9 (RLIN) 51327
650 ## - SUBJECT ADDED ENTRY--TOPICAL TERM
Topical term or geographic name as entry element हिंदी काव्य -संवेदना
9 (RLIN) 51328
650 ## - SUBJECT ADDED ENTRY--TOPICAL TERM
Topical term or geographic name as entry element Hindi literature
9 (RLIN) 51329
650 ## - SUBJECT ADDED ENTRY--TOPICAL TERM
Topical term or geographic name as entry element Hindi poetry -snvedna
9 (RLIN) 51330
700 ## - ADDED ENTRY--PERSONAL NAME
9 (RLIN) 50544
942 ## - ADDED ENTRY ELEMENTS (KOHA)
Source of classification or shelving scheme Dewey Decimal Classification
Koha item type Hindi Books
Classification part 821
Call number suffix मिश्ररा
Holdings
Withdrawn status Lost status Damaged status Not for loan Home library Current library Date acquired Source of acquisition Cost, normal purchase price Total Checkouts Full call number Barcode Date last seen Copy number Cost, replacement price Price effective from Koha item type
        Central Library Central Library 11/08/2015 Cen Lib/Ret 180.00   821 मिश्ररा B-050890 11/08/2015 1 180.00 11/08/2015 Hindi Books

© Delhi Public Library
Hit Counter
free hit counter